| 000 | 01226aam a2200337 a 4500 | ||
|---|---|---|---|
| 001 | 015809287 | ||
| 003 | OSt | ||
| 005 | 20140319102959.0 | ||
| 008 | 110324t2012 xxua frbd 001 0 eng d | ||
| 020 | _a9781412991667 (pbk.) | ||
| 020 | _a1412991668 (pbk.) | ||
| 040 |
_aStDuBDS _beng _cStDuBDS _dUk |
||
| 082 | 0 | 4 |
_a658.300285 _222 _bHUM |
| 245 | 0 | 0 |
_aHuman resource information systems : _bbasics, applications and future directions / _ceditors Michael J. Kavanagh, Mohan Thite, Richard D. Johnson. |
| 250 | _a2nd ed. | ||
| 260 |
_aLos Angeles, United States : _bSAGE, _cc.2012 _f(Acid-Free Paper) |
||
| 300 |
_axxiii, 623 p. : _bill. ; _c24 cm. |
||
| 500 | _aIncludes appendix. | ||
| 500 | _aIncludes indexes. | ||
| 500 | _aGlossary : p. 564-586. | ||
| 504 | _aIncludes bibliographical reference. | ||
| 504 | _aBibliography : p. 559-563. | ||
| 650 | 0 |
_aPersonnel management _xInformation technology _935698 |
|
| 650 | 0 |
_aPersonnel management _xData processing _935699 |
|
| 653 |
_bENGGEN _cMarch2014 |
||
| 655 |
_vtext book _933728 |
||
| 700 | 1 |
_aKavanagh, Michael J. _935700 _eeditor. |
|
| 700 | 1 |
_aThite, Mohan _935701 _eeditor. |
|
| 700 | 1 |
_aJohnson, Richard David _935702 _eeditor. |
|
| 942 |
_2ddc _k658.300285 HUM |
||
| 999 |
_c18128 _d18100 |
||